Central Library OPAC University of Rajshahi

Saladin : prince of chivalry./ (Record no. 71057)

MARC details
000 -LEADER
fixed length control field 00688cam a2200241 a 4500
001 - CONTROL NUMBER
control field 71057
003 - CONTROL NUMBER IDENTIFIER
rucl marc code BD-RjUL
005 - DATE AND TIME OF LATEST TRANSACTION
control field 20211209082055.0
008 - FIXED-LENGTH DATA ELEMENTS--GENERAL INFORMATION
fixed length control field 190228s1930 usuab 000 0 eng d
035 ## - SYSTEM CONTROL NUMBER
System control number (BD-RjUL)
System control number 2509873
040 ## - CATALOGING SOURCE
Original cataloging agency 2509
Language of cataloging eng
Transcribing agency 2509
Modifying agency NNCU:A
041 ## - LANGUAGE CODE
Language code of text/sound track or separate title eng
082 ## - DEWEY DECIMAL CLASSIFICATION NUMBER
Edition number 23
Classification number 956.74
Author mark and year ROS 1930
100 1# - MAIN ENTRY--PERSONAL NAME
Personal name Rosebault, Charles J.
9 (RLIN) 228752
245 10 - TITLE STATEMENT
Title Saladin : prince of chivalry./
Statement of responsibility, etc. Rosebault, Charles S.
260 ## - PUBLICATION, DISTRIBUTION, ETC. (IMPRINT)
Place of publication, distribution, etc. New York :
Name of publisher, distributor, etc. McBride,
Date of publication, distribution, etc. 1930.
300 ## - PHYSICAL DESCRIPTION
Pagination xii, 305p. :
Illustrations illus., maps.
Size 21 cm.
600 00 - SUBJECT ADDED ENTRY--PERSONAL NAME
Personal name Saladin,
Titles and other words associated with a name Sultan of Egypt and Syria,
Dates associated with a name 1137-1193.
942 ## - ADDED ENTRY ELEMENTS (KOHA)
Source of classification or shelving scheme Dewey Decimal Classification
Koha item type Books
Holdings
Lost status Source of classification or shelving scheme Damaged status Not for loan Collection code Permanent Location Current Location Shelving location Date acquired Total Checkouts Full call number Date last seen Copy number Koha item type
  Dewey Decimal Classification   Not For Loan Non-fiction Central Library, University of Rajshahi Central Library, University of Rajshahi Reading Room 28/02/2019   956.74 ROS 1930 28/02/2019 C-1 Books